[Event "Deutsche Ländermeisterschaft 2022"]
[Site "Wiesbaden GER"]
[Date "2022.10.01"]
[Round "2"]
[White "Braun, Julian"]
[Black "Voigt, Anastasia"]
[Result "1-0"]
[Termination "normal"]
[Board "7.5"]
[WhiteElo "1715"]
[BlackElo "1772"]
[WhiteClock "01:00:50"]
[BlackClock "00:13:43"]
[WhiteTeam "Hamburg"]
[BlackTeam "Sachsen-Anhalt"]
[PlyCount "61"]
[WhiteFideId "16289293"]
[BlackFideId "16235223"]
[EventCountry "GER"]
[EventRounds "7"]
[EventType "team-swiss"]
[EventDate "2022.09.30"]

1. e4 {[%clk 01:30:59]} e5 {[%clk 01:30:56]} {[%emt 00:00:04]} 2. Nf3 {[%clk
01:31:27]} {[%emt 00:00:02]} Nc6 {[%clk 01:31:22]} {[%emt 00:00:05]} 3. Bc4
{[%clk 01:31:52]} {[%emt 00:00:05]} Bc5 {[%clk 01:31:48]} {[%emt 00:00:03]} 4.
c3 {[%clk 01:32:19]} {[%emt 00:00:04]} Nf6 {[%clk 01:32:15]} {[%emt 00:00:03]}
5. d4 {[%clk 01:32:45]} {[%emt 00:00:03]} exd4 {[%clk 01:32:40]} {[%emt
00:00:05]} 6. e5 {[%clk 01:33:12]} {[%emt 00:00:03]} d5 {[%clk 01:33:05]}
{[%emt 00:00:05]} 7. Bb5 {[%clk 01:33:40]} {[%emt 00:00:02]} Ne4 {[%clk
01:33:27]} {[%emt 00:00:08]} 8. cxd4 {[%emt 00:00:10]} Bb6 {[%clk 01:33:49]}
{[%emt 00:00:04]} 9. Nc3 {[%clk 01:34:30]} {[%emt 00:00:05]} O-O {[%clk
01:33:54]} {[%emt 00:00:25]} 10. Be3 {[%clk 01:34:53]} {[%emt 00:00:06]} Bg4
{[%clk 01:33:43]} {[%emt 00:00:40]} 11. h3 {[%clk 01:35:11]} {[%emt 00:00:13]}
Bh5 {[%clk 01:34:08]} {[%emt 00:00:05]} 12. Qc2 {[%clk 01:35:31]} {[%emt
00:00:10]} Bg6 {[%clk 01:33:56]} {[%emt 00:00:42]} 13. Qb3 {[%clk 01:35:48]}
{[%emt 00:00:13]} Ne7 {[%clk 01:34:02]} {[%emt 00:00:24]} 14. O-O {[%clk
01:36:06]} {[%emt 00:00:12]} c6 {[%clk 01:34:07]} {[%emt 00:00:25]} 15. Bd3
{[%clk 01:36:11]} {[%emt 00:00:26]} Nd2 {[%clk 01:33:27]} {[%emt 00:01:09]} 16.
Nxd2 {[%clk 01:36:34]} {[%emt 00:00:07]} Bxd3 {[%clk 01:33:52]} {[%emt
00:00:05]} 17. Rfe1 {[%clk 01:36:58]} {[%emt 00:00:06]} Bg6 {[%clk 01:33:55]}
{[%emt 00:00:27]} 18. Na4 {[%clk 01:36:18]} {[%emt 00:01:09]} Nf5 {[%clk
01:32:39]} {[%emt 00:01:46]} 19. Nxb6 {[%clk 01:34:49]} {[%emt 00:02:00]} axb6
{[%clk 01:33:02]} {[%emt 00:00:07]} 20. Nf3 {[%clk 01:34:16]} {[%emt 00:01:03]}
Nxe3 {[%clk 01:27:32]} {[%emt 00:06:01]} 21. Rxe3 {[%clk 01:33:03]} {[%emt
00:01:42]} b5 {[%clk 01:25:04]} {[%emt 00:02:58]} 22. Rae1 {[%clk 01:31:05]}
{[%emt 00:02:28]} Ra4 {[%clk 01:20:39]} {[%emt 00:04:55]} 23. a3 {[%clk
01:24:33]} {[%emt 00:07:01]} Qb6 {[%clk 01:15:02]} {[%emt 00:06:07]} 24. e6
{[%clk 01:18:12]} {[%emt 00:06:52]} fxe6 {[%clk 01:06:21]} {[%emt 00:09:12]}
25. Rxe6 {[%clk 01:17:26]} {[%emt 00:01:15]} Rc4 {[%clk 00:46:13]} {[%emt
00:20:38]} 26. Qe3 {[%clk 01:13:05]} {[%emt 00:04:50]} Rc2 {[%clk 00:41:43]}
{[%emt 00:05:02]} 27. Rxg6 {[%clk 01:07:01]} {[%emt 00:06:35]} hxg6 {[%clk
00:36:26]} {[%emt 00:05:47]} 28. Qd3 {[%clk 01:06:59]} {[%emt 00:00:30]} Rxb2
{[%clk 00:34:12]} {[%emt 00:02:45]} 29. Qxg6 {[%clk 01:07:00]} {[%emt
00:00:29]} Rxf2 {[%clk 00:13:25]} {[%emt 00:21:17]} 30. Re7 {[%clk 01:01:18]}
{[%emt 00:06:11]} Rf1+ {[%clk 00:13:43]} {[%emt 00:00:12]} 31. Kh2 {[%clk
01:00:50]} {[%emt 00:00:58]} 1-0

[Event "Deutsche Ländermeisterschaft 2022"]
[Site "Wiesbaden GER"]
[Date "2022.10.01"]
[Round "2"]
[White "Pohle, Saskia"]
[Black "Kellner, Anton"]
[Result "1-0"]
[Termination "normal"]
[Board "7.6"]
[WhiteElo "1756"]
[BlackElo "1382"]
[WhiteClock "00:44:33"]
[BlackClock "00:58:23"]
[WhiteTeam "Sachsen-Anhalt"]
[BlackTeam "Hamburg"]
[PlyCount "60"]
[WhiteFideId "16201604"]
[BlackFideId "16293185"]
[EventCountry "GER"]
[EventRounds "7"]
[EventType "team-swiss"]
[EventDate "2022.09.30"]

1. e4 {[%clk 01:30:58]} {[%emt 00:00:01]} c5 {[%clk 01:30:54]} {[%emt
00:00:06]} 2. Nf3 {[%clk 01:31:24]} {[%emt 00:00:05]} d6 {[%clk 01:31:19]}
{[%emt 00:00:04]} 3. d4 {[%clk 01:31:49]} {[%emt 00:00:05]} cxd4 {[%clk
01:31:44]} {[%emt 00:00:05]} 4. Nxd4 {[%clk 01:32:14]} {[%emt 00:00:05]} Nf6
{[%clk 01:32:04]} {[%emt 00:00:09]} 5. Nc3 {[%clk 01:32:37]} {[%emt 00:00:07]}
a6 {[%clk 01:32:29]} {[%emt 00:00:05]} 6. Bg5 {[%clk 01:32:30]} {[%emt
00:00:37]} e6 {[%clk 01:32:42]} {[%emt 00:00:17]} 7. f4 {[%clk 01:32:11]}
{[%emt 00:00:49]} Be7 {[%clk 01:33:01]} {[%emt 00:00:11]} 8. Qf3 {[%clk
01:32:18]} {[%emt 00:00:23]} Qc7 {[%clk 01:32:59]} {[%emt 00:00:29]} 9. O-O-O
{[%clk 01:31:41]} {[%emt 00:01:10]} Nbd7 {[%clk 01:33:12]} {[%emt 00:00:15]}
10. g4 {[%clk 01:31:22]} {[%emt 00:00:51]} b5 {[%clk 01:32:54]} {[%emt
00:00:48]} 11. h4 {[%clk 01:25:10]} {[%emt 00:06:42]} Bb7 {[%clk 01:32:53]}
{[%emt 00:00:29]} 12. Bxf6 {[%clk 01:24:01]} {[%emt 00:01:43]} Bxf6 {[%clk
01:30:20]} {[%emt 00:03:01]} 13. g5 {[%clk 01:23:19]} {[%emt 00:01:12]} Bxd4
{[%clk 01:29:31]} {[%emt 00:01:19]} 14. Rxd4 {[%clk 01:23:41]} {[%emt
00:00:08]} Rc8 {[%clk 01:28:49]} {[%emt 00:01:10]} 15. a3 {[%clk 01:18:49]}
{[%emt 00:05:26]} Nc5 {[%clk 01:27:09]} {[%emt 00:02:08]} 16. Bxb5+ {[%clk
01:02:30]} {[%emt 00:16:50]} axb5 {[%clk 01:26:54]} {[%emt 00:00:44]} 17. Nxb5
{[%clk 01:02:48]} {[%emt 00:00:13]} Qc6 {[%clk 01:20:08]} {[%emt 00:07:02]} 18.
Nxd6+ {[%clk 01:02:25]} {[%emt 00:01:07]} Ke7 {[%clk 01:20:20]} {[%emt
00:00:14]} 19. Nxc8+ {[%clk 01:01:41]} {[%emt 00:01:18]} Rxc8 {[%clk 01:20:36]}
{[%emt 00:00:13]} 20. Re1 {[%clk 00:54:50]} {[%emt 00:07:22]} Qc7 {[%clk
01:17:15]} {[%emt 00:03:46]} 21. Rc4 {[%emt 00:08:24]} Qd7 {[%clk 01:11:42]}
{[%emt 00:01:00]} 22. Rd1 {[%clk 00:43:59]} {[%emt 00:08:34]} Qb5 {[%clk
01:06:03]} {[%emt 00:06:04]} 23. Qc3 {[%clk 00:42:51]} {[%emt 00:01:43]} Nxe4
{[%clk 00:59:48]} {[%emt 00:06:45]} 24. Rc7+ {[%clk 00:43:13]} {[%emt
00:00:08]} Kf8 {[%clk 00:58:16]} {[%emt 00:02:00]} 25. Rxc8+ {[%clk 00:43:31]}
{[%emt 00:00:14]} Bxc8 {[%clk 00:58:33]} {[%emt 00:00:13]} 26. Qxc8+ {[%clk
00:43:42]} {[%emt 00:00:19]} Qe8 {[%clk 00:57:38]} {[%emt 00:01:24]} 27. Rd8
{[%clk 00:44:05]} {[%emt 00:00:07]} Nd6 {[%clk 00:57:56]} {[%emt 00:00:12]} 28.
Rxe8+ {[%clk 00:43:55]} {[%emt 00:00:40]} Nxe8 {[%clk 00:58:20]} {[%emt
00:00:06]} 29. Qc5+ {[%clk 00:44:07]} {[%emt 00:00:18]} Kg8 {[%clk 00:58:39]}
{[%emt 00:00:10]} 30. Qe7 {[%clk 00:44:33]} {[%emt 00:00:04]} Kh8 {[%clk
00:58:23]} {[%emt 00:00:46]} 1-0

[Event "Deutsche Ländermeisterschaft 2022"]
[Site "Wiesbaden GER"]
[Date "2022.10.01"]
[Round "2"]
[White "Modali, Nikhilamrutha"]
[Black "Nönnig, Jakob"]
[Result "0-1"]
[Termination "normal"]
[Board "7.7"]
[WhiteElo "1355"]
[BlackElo "1510"]
[WhiteClock "00:08:02"]
[BlackClock "00:12:34"]
[WhiteTeam "Hamburg"]
[BlackTeam "Sachsen-Anhalt"]
[PlyCount "52"]
[WhiteFideId "16282370"]
[BlackFideId "16289447"]
[EventCountry "GER"]
[EventRounds "7"]
[EventType "team-swiss"]
[EventDate "2022.09.30"]

1. e4 {[%clk 01:30:58]} {[%emt 00:00:02]} e5 {[%clk 01:30:54]} {[%emt
00:00:06]} 2. Nf3 {[%clk 01:31:25]} {[%emt 00:00:03]} Nc6 {[%clk 01:31:17]}
{[%emt 00:00:07]} 3. Bc4 {[%clk 01:31:52]} {[%emt 00:00:04]} Bc5 {[%clk
01:31:41]} {[%emt 00:00:06]} 4. c3 {[%clk 01:32:19]} {[%emt 00:00:03]} Nf6
{[%clk 01:32:01]} {[%emt 00:00:10]} 5. d3 {[%clk 01:32:43]} {[%emt 00:00:06]}
d6 {[%clk 01:31:41]} {[%emt 00:00:49]} 6. O-O {[%clk 01:32:59]} {[%emt
00:00:15]} a6 {[%clk 01:31:12]} {[%emt 00:00:58]} 7. Bb3 {[%clk 01:32:07]}
{[%emt 00:01:23]} Ba7 {[%clk 01:30:08]} {[%emt 00:01:33]} 8. Nbd2 {[%clk
01:29:51]} {[%emt 00:02:46]} h6 {[%clk 01:29:03]} {[%emt 00:01:33]} 9. h3
{[%clk 01:28:29]} {[%emt 00:01:54]} Qe7 {[%clk 01:27:28]} {[%emt 00:02:04]} 10.
Re1 {[%clk 01:27:09]} {[%emt 00:01:51]} g5 {[%clk 01:26:41]} {[%emt 00:01:16]}
11. Nh2 {[%clk 01:10:26]} {[%emt 00:17:14]} h5 {[%clk 01:26:11]} {[%emt
00:00:59]} 12. d4 {[%clk 01:04:59]} {[%emt 00:05:57]} exd4 {[%clk 01:23:49]}
{[%emt 00:02:52]} 13. cxd4 {[%clk 01:04:06]} {[%emt 00:01:24]} g4 {[%clk
01:19:56]} {[%emt 00:04:23]} 14. e5 {[%clk 00:51:18]} {[%emt 00:13:18]} dxe5
{[%clk 01:19:42]} {[%emt 00:00:44]} 15. dxe5 {[%clk 00:41:51]} {[%emt
00:09:57]} g3 {[%clk 01:18:38]} {[%emt 00:01:35]} 16. Bxf7+ {[%clk 00:23:42]}
{[%emt 00:18:38]} Kf8 {[%clk 01:15:08]} {[%emt 00:04:00]} 17. Ne4 {[%clk
00:15:41]} {[%emt 00:08:31]} gxh2+ {[%clk 01:10:23]} {[%emt 00:05:15]} 18. Kxh2
{[%clk 00:15:56]} {[%emt 00:00:15]} Qxe5+ {[%clk 01:01:46]} {[%emt 00:09:06]}
19. f4 {[%clk 00:15:39]} {[%emt 00:00:48]} Ng4+ {[%clk 01:01:29]} {[%emt
00:00:47]} 20. hxg4 {[%clk 00:14:31]} {[%emt 00:01:38]} hxg4+ {[%clk 01:01:48]}
{[%emt 00:00:12]} 21. Kg3 {[%clk 00:14:53]} {[%emt 00:00:08]} Qd4 {[%clk
00:37:27]} {[%emt 00:24:50]} 22. Qxd4 {[%clk 00:13:50]} {[%emt 00:01:33]} Nxd4
{[%clk 00:36:20]} {[%emt 00:01:36]} 23. Bb3 {[%clk 00:11:18]} {[%emt 00:03:02]}
Bf5 {[%clk 00:24:23]} {[%emt 00:12:27]} 24. Bd2 {[%clk 00:08:44]} {[%emt
00:03:04]} Nxb3 {[%clk 00:13:08]} {[%emt 00:11:44]} 25. axb3 {[%clk 00:09:04]}
{[%emt 00:00:10]} Rd8 {[%clk 00:12:36]} {[%emt 00:01:01]} 26. Bc3 {[%clk
00:08:02]} {[%emt 00:01:33]} Rd3+ {[%clk 00:12:34]} {[%emt 00:00:32]} 0-1

[Event "Deutsche Ländermeisterschaft 2022"]
[Site "Wiesbaden GER"]
[Date "2022.10.01"]
[Round "2"]
[White "Rössling, Laura Marie"]
[Black "Abram, Kristina-Maria"]
[Result "1-0"]
[Termination "normal"]
[Board "7.8"]
[WhiteElo "1418"]
[BlackElo "1158"]
[WhiteClock "01:08:35"]
[BlackClock "00:55:20"]
[WhiteTeam "Sachsen-Anhalt"]
[BlackTeam "Hamburg"]
[PlyCount "107"]
[WhiteFideId "16289471"]
[BlackFideId "16298349"]
[EventCountry "GER"]
[EventRounds "7"]
[EventType "team-swiss"]
[EventDate "2022.09.30"]

1. e4 {[%clk 01:30:55]} {[%emt 00:00:04]} e5 {[%clk 01:30:52]} {[%emt
00:00:08]} 2. Nf3 {[%clk 01:31:17]} {[%emt 00:00:08]} Nc6 {[%clk 01:31:08]}
{[%emt 00:00:13]} 3. Bc4 {[%clk 01:31:31]} {[%emt 00:00:17]} g6 {[%clk
01:31:21]} {[%emt 00:00:15]} 4. c3 {[%clk 01:30:34]} {[%emt 00:01:28]} Bg7
{[%clk 01:31:25]} {[%emt 00:00:25]} 5. d4 {[%clk 01:30:14]} {[%emt 00:00:51]}
exd4 {[%clk 01:29:59]} {[%emt 00:01:57]} 6. cxd4 {[%clk 01:30:18]} {[%emt
00:00:26]} d6 {[%clk 01:29:48]} {[%emt 00:00:40]} 7. h3 {[%clk 01:30:22]}
{[%emt 00:00:26]} Nge7 {[%clk 01:29:23]} {[%emt 00:00:51]} 8. O-O {[%clk
01:27:35]} {[%emt 00:03:21]} O-O {[%clk 01:29:45]} {[%emt 00:00:09]} 9. Bg5
{[%clk 01:27:47]} {[%emt 00:00:17]} h6 {[%clk 01:26:57]} {[%emt 00:03:09]} 10.
Be3 {[%clk 01:27:24]} {[%emt 00:01:04]} Kh8 {[%clk 01:26:10]} {[%emt 00:01:02]}
11. Qd2 {[%clk 01:27:37]} {[%emt 00:00:30]} g5 {[%clk 01:25:16]} {[%emt
00:01:20]} 12. Nxg5 {[%clk 01:26:32]} {[%emt 00:01:40]} hxg5 {[%clk 01:24:22]}
{[%emt 00:01:22]} 13. Bxg5 {[%clk 01:26:29]} {[%emt 00:00:35]} Qe8 {[%clk
01:22:40]} {[%emt 00:02:05]} 14. d5 {[%clk 01:24:45]} {[%emt 00:02:21]} Ne5
{[%clk 01:22:29]} {[%emt 00:00:33]} 15. Be2 {[%clk 01:20:38]} {[%emt 00:04:44]}
f6 {[%clk 01:20:02]} {[%emt 00:02:49]} 16. Bh6 {[%clk 01:20:52]} {[%emt
00:00:24]} Qg6 {[%clk 01:18:26]} {[%emt 00:01:58]} 17. Bxg7+ {[%clk 01:20:25]}
{[%emt 00:01:06]} Qxg7 {[%clk 01:18:44]} {[%emt 00:00:12]} 18. Qe3 {[%clk
01:19:00]} {[%emt 00:01:55]} Rg8 {[%clk 01:17:36]} {[%emt 00:01:32]} 19. g3
{[%clk 01:16:08]} {[%emt 00:03:27]} Bxh3 {[%clk 01:14:21]} {[%emt 00:03:46]}
20. Re1 {[%clk 01:12:37]} {[%emt 00:03:55]} Bg4 {[%clk 01:12:41]} {[%emt
00:02:10]} 21. Kg2 {[%clk 01:12:07]} {[%emt 00:01:07]} Qh7 {[%clk 01:12:16]}
{[%emt 00:00:44]} 22. Rh1 {[%clk 01:12:18]} {[%emt 00:00:30]} Qxh1+ {[%clk
01:10:18]} {[%emt 00:02:26]} 23. Kxh1 {[%clk 01:12:26]} {[%emt 00:00:24]} Rg5
{[%clk 01:08:49]} {[%emt 00:01:46]} 24. f4 {[%clk 01:12:04]} {[%emt 00:01:04]}
Rh5+ {[%clk 01:08:55]} {[%emt 00:00:17]} 25. Kg2 {[%clk 01:12:11]} {[%emt
00:00:32]} Rg8 {[%clk 01:05:07]} {[%emt 00:04:10]} 26. fxe5 {[%clk 01:12:00]}
{[%emt 00:00:48]} Bxe2 {[%clk 01:04:23]} {[%emt 00:01:12]} 27. Qxe2 {[%clk
01:12:15]} {[%emt 00:00:17]} Rxe5 {[%clk 01:04:46]} {[%emt 00:00:06]} 28. Nc3
{[%clk 01:12:36]} {[%emt 00:00:10]} Ng6 {[%clk 01:04:30]} {[%emt 00:00:39]} 29.
Rh1+ {[%clk 01:12:55]} {[%emt 00:00:18]} Kg7 {[%clk 01:04:42]} {[%emt
00:00:15]} 30. Rh5 {[%clk 01:13:16]} {[%emt 00:00:12]} Kf8 {[%clk 01:04:30]}
{[%emt 00:00:35]} 31. Rxe5 {[%clk 01:13:40]} {[%emt 00:00:14]} Nf4+ {[%clk
01:04:43]} {[%emt 00:00:10]} 32. Kf2 {[%clk 01:12:53]} {[%emt 00:01:23]} Nxe2
{[%clk 01:05:03]} {[%emt 00:00:10]} 33. Rf5 {[%clk 01:13:10]} {[%emt 00:00:14]}
Nxg3 {[%clk 01:05:02]} {[%emt 00:00:31]} 34. Rxf6+ {[%clk 01:13:08]} {[%emt
00:00:32]} Ke7 {[%clk 01:04:48]} {[%emt 00:00:34]} 35. Rh6 {[%clk 01:12:24]}
{[%emt 00:01:20]} Rg4 {[%clk 01:01:34]} {[%emt 00:03:35]} 36. Rh7+ {[%clk
01:11:31]} {[%emt 00:01:32]} Kd8 {[%clk 01:01:03]} {[%emt 00:00:59]} 37. Kf3
{[%clk 01:10:39]} {[%emt 00:01:23]} Rg8 {[%clk 01:00:04]} {[%emt 00:01:21]} 38.
Nb5 {[%clk 01:10:13]} {[%emt 00:01:10]} Nf1 {[%clk 00:59:19]} {[%emt 00:01:07]}
39. Rxc7 {[%clk 01:10:00]} {[%emt 00:00:52]} a6 {[%clk 00:58:59]} {[%emt
00:00:41]} 40. Rxb7 {[%clk 01:10:15]} {[%emt 00:00:23]} axb5 {[%clk 00:59:05]}
{[%emt 00:00:24]} 41. Rb8+ {[%clk 01:10:31]} {[%emt 00:00:14]} Ke7 {[%clk
00:59:04]} {[%emt 00:00:26]} 42. Rxg8 {[%clk 01:10:20]} {[%emt 00:00:46]} Nd2+
{[%clk 00:59:24]} {[%emt 00:00:08]} 43. Ke3 {[%clk 01:10:35]} {[%emt 00:00:14]}
Nc4+ {[%clk 00:59:50]} {[%emt 00:00:07]} 44. Kd4 {[%clk 01:10:34]} {[%emt
00:00:31]} Nxb2 {[%clk 01:00:07]} {[%emt 00:00:13]} 45. Rb8 {[%clk 01:10:47]}
{[%emt 00:00:17]} Na4 {[%clk 00:58:18]} {[%emt 00:02:13]} 46. Rxb5 {[%clk
01:10:03]} {[%emt 00:01:21]} Kd7 {[%clk 00:55:48]} {[%emt 00:02:55]} 47. Rb4
{[%clk 01:09:07]} {[%emt 00:01:29]} Nc5 {[%clk 00:56:01]} {[%emt 00:00:17]} 48.
e5 {[%clk 01:09:12]} {[%emt 00:00:24]} Na6 {[%clk 00:55:40]} {[%emt 00:00:47]}
49. e6+ {[%clk 01:09:06]} {[%emt 00:00:42]} Kd8 {[%clk 00:55:01]} {[%emt
00:01:03]} 50. Rb6 {[%clk 01:08:23]} {[%emt 00:01:21]} Nc7 {[%clk 00:55:03]}
{[%emt 00:00:25]} 51. Rxd6+ {[%clk 01:08:39]} {[%emt 00:00:17]} Ke8 {[%clk
00:55:00]} {[%emt 00:00:27]} 52. a4 {[%clk 01:08:34]} {[%emt 00:00:40]} Ke7
{[%clk 00:55:08]} {[%emt 00:00:18]} 53. Rd7+ {[%clk 01:08:17]} {[%emt
00:00:52]} Ke8 {[%clk 00:55:20]} {[%emt 00:00:18]} 54. Rxc7 {[%clk 01:08:35]}
{[%emt 00:00:13]} 1-0